Statistics for Montreal Canadiens Starting Lineup 2019-2020 Season

Click here to take the quiz!

General Stats

  • This quiz has been taken 176 times
  • The average score is 14 of 22

Answer Stats

PositionPlayerAgeNationality% Correct
GCarey Price32Canada
100%
DShea Weber34Canada
93%
DJeff Petry31USA
89%
RWBrendan Gallagher27Canada
87%
RWNick Suzuki20Canada
86%
RWJoel Armia26Finland
81%
CJesperi Kotkaniemi19Finland
75%
CPhillip Danault26Canada
75%
LWTomas Tatar28Slovakia
75%
CMax Domi24Canada
70%
LWJonathan Drouin24Canada
69%
LWArtturi Lehkonen24Finland
66%
DBen Chiarot28Canada
61%
DVictor Mete21Canada
57%
LWPaul Byron30Canada
50%
DBrett Kulak25Canada
48%
GKeith Kinkaid30USA
48%
DCale Fleury20Canada
34%
CNate Thompson34USA
34%
RWJordan Weal27Canada
28%
DChristian Folin28Sweden
25%
DMike Reilly26USA
16%

Score Distribution

Percentile by Number Answered

Percent of People with Each Score

Your Score History

You have not taken this quiz